| 000 | 01409nam a2200337 i 4500 | ||
|---|---|---|---|
| 001 | 000000609 | ||
| 003 | DO-SdBPM | ||
| 005 | 20251016085546.0 | ||
| 007 | ta | ||
| 008 | 090331s1998 sp ac 000 0 spa d | ||
| 020 | _a8480550317 (obra completa ) | ||
| 020 | _a8480550384 | ||
| 040 |
_aDO-SdBPM _bspa _cBPMSU _erda _d |
||
| 041 | _hspa | ||
| 082 | 4 |
_aR372.2103 _bM779v 1998 _222 |
|
| 100 | 1 |
_aMontes Sánchez, Pilar Argentina _eautora |
|
| 245 | 1 | 0 |
_aVentana azul : _benciclopedia infantil / _cdirección editorial, Pilar Rubio; texto Pilar Argentina Montes Sánchez ; Dibujos Marina Seoane Pascual |
| 264 |
_aMadrid : _bCultural Ediciones, _c1998 |
||
| 300 |
_a varias paginaciones : _bilustraciones, retratos. ; _c27 cm. |
||
| 336 |
_atexto _btxt _2rdacontent |
||
| 337 |
_asin mediación _bn _2rdamedia |
||
| 338 |
_avolumen _bnc _2rdacarrier |
||
| 500 | _a | ||
| 505 | 0 |
_av.1 : Nuestro cuerpo -- v. 2 : El mundo de las plantas -- v. 3 : Juegos y canciones -- v.4 : El planeta Tierra v. 5 : Cuentos y leyendas -- La familia -- v. 7: Transportes y comunicaciones -- v. 8 : El mundo animal -- v. 9 : Juegos matemáticos -- v.10 : La familia _r |
|
| 590 | _aInventariado, 2025/VM | ||
| 650 | 7 |
_aEducación preescolar _xEnciclopedias |
|
| 700 | 1 |
_aRubio, Pilar, _4editor |
|
| 700 | 1 |
_aSeoane Pascual, Marina _edibujos |
|
| 910 | _aVMateo V. Control de calidad BPMSU | ||
| 942 |
_2ddc _cBK |
||
| 999 |
_c15449 _d15449 |
||